000 00556ntaaa2200205 4500
003 01
005 20251027202111.0
008 0714s1973 ag 01
040 _aAR-BaBN
_bspa
_cAR-BaBN
_eaacr
_dRIC
082 _a252.0600 F75
100 _aFord, W. Herschel
245 _aSimple sermons from the book of Acts
250 _a1 ed.
260 _aGrand Rapids :
_bZondervan Publishing House,
_cc1950
300 _a2 tomos
500 _aSermones sencillos del libro de los Hechos
650 _asermones
_9362
650 _aBiblia-N.T.-Hechos
942 _cBK
999 _c15865
_d15865